000 00557nam a2200169 i 4500
001 89662
003 ES-MaACL
005 20230906180237.0
007 t|
008 050112s1913 sp ||||1| spa d
100 1 _aLasso de la Vega, Manuel F.
_970476
245 1 0 _aJazmines de otoño
_b: poesias /
_cManuel F. Lasso de la Vega ; con unas impresiones de J. Muñoz San Román.
260 _a[S.l. :
_bs.n.,
_c1913] (
_eCabra :
_fManuel Cordón)
300 _aVI, 100 p. ;
_c20 cm.
700 1 _aMuñoz San Román, José.
_984496
852 _aES-MaACL
_jF-2482
999 _c89662
_d89662